Top 10 des personnes les plus riches du monde - Statistiques

Statistiques générales
  • Ce quiz a été pris 431 fois
    80 depuis la dernière actualisation
  • Le résultat moyen est 3 sur 10
Statistiques - réponses
Fortune (Milliard) Nationalité Milliardaire % Correct
726 Afrique du sudCanada États-Unis Elon Musk
99%
242 États-Unis Jeff Bezos
70%
186 France Bernard Arnault
65%
226 États-Unis Mark Zuckerberg
44%
257 États-Unis Larry Page
15%
240 SoviétiqueÉtats-Unis Sergey Brin
10%
149 États-Unis Warren Buffett
10%
245 États-Unis Larry Ellison
8%
162 États-Unis Taïwan Jensen Huang
3%
147 États-Unis Suisse Steve Ballmer
1%
Aucun quiz correspondant
Distribution des résultats
% des personnes avec chaque résultat
Percentile par nombre de réponses
Votre historique - résultats
Vous n’avez pas pris ce quiz depuis la dernière actualisation